MARC

LEADER 00000nam0a2200000 4500
001 294898
005 20231102000742.0
020 |a RU  |b 83-81171 
035 |a (RuTPU)RU\TPU\book\319973 
090 |a 294898 
100 |a 20150519d1983 k y0rusy5003 ca 
101 0 |a rus 
102 |a RU 
105 |a a z 001zy 
200 1 |a Комбинаторно-алгебраические методы в прикладной математике  |e межвузовский сборник  |f Горьковский государственный университет им. Н. И. Лобачевского (ГГУ) ; под ред. А. А. Маркова 
210 |a Горький  |c Изд-во ГГУ  |d 1983 
215 |a 222 с.  |c ил. 
320 |a Библиография в конце статей 
606 1 |a Математика прикладная  |2 stltpush  |3 (RuTPU)RU\TPU\subj\53312  |9 71627 
610 1 |a комбинаторные методы 
610 1 |a алгебраические методы 
610 1 |a формальные языки 
610 1 |a кодирование 
610 1 |a детерминированные автоматы 
610 1 |a конечные автоматы 
610 1 |a синтез 
610 1 |a теория графов 
675 |a 51-7  |z rus  |v 3 
702 1 |a Марков  |b А. А.  |g Андрей Андреевич  |4 340 
712 0 2 |a Горьковский государственный университет им. Н. И. Лобачевского (ГГУ)  |2 stltpush  |3 (RuTPU)RU\TPU\col\2603 
801 0 |a RU  |b RuMRKP  |c 19950704  |g psbo 
801 1 |a RU  |b 63413507  |c 20150519 
801 2 |a RU  |b 63413507  |c 20181123  |g RCR 
942 |c BK